| 000 | 00805nam a2200193Ia 4500 | ||
|---|---|---|---|
| 008 | 151121s9999||||xx |||||||||||||| ||und|| | ||
| 082 | _a521।6/ भालेरा | ||
| 082 | _bHNW-65088 | ||
| 100 | _aभालेराव सुधाकर | ||
| 245 | _aकृत्रिम उपगृह आणि अवकाश विज्ञान | ||
| 260 | _b"साके त प्रकाशन, औरंगाबाद।" | ||
| 260 | _c-- | ||
| 300 | _a180 | ||
| 600 | _aभालेराव सुधाकर | ||
| 630 | _aकृत्रिम उपगृह आणि अवकाश विज्ञान | ||
| 700 | _aभालेराव सुधाकर | ||
| 730 | _aकृत्रिम उपगृह आणि अवकाश विज्ञान | ||
| 942 | _cBOOK | ||
| 999 |
_c1246611 _d1246608 |
||